| 000 | 00000nam 2200000za 4500 |
| 001 | 9.846955 |
| 003 | CaOODSP |
| 005 | 20221107153328 |
| 007 | cr ||||||||||| |
| 008 | 171110s1911 onci o f000 0 eng d |
| 040 | |aCaOODSP|beng |
| 043 | |an-cn--- |
| 086 | 1 |aCS12-506/1911E-PDF |
| 245 | 00|aFifth census of Canada 1911 - index to occupations |h[electronic resource]. |
| 246 | 30|aIndex to occupations |
| 260 | |a[Ottawa : |bCensus and Statistics Office, |c1911] |
| 300 | |a230 p. |
| 500 | |aCover title. |
| 500 | |aDigitized edition from print [produced by Statistics Canada]. |
| 530 | |aIssued also in print format. |
| 692 | 07|2gccst|aJob classification |
| 692 | 07|2gccst|aIndexes |
| 692 | 07|2gccst|aCensus |
| 692 | 07|2gccst|aHandbooks |
| 710 | 1 |aCanada.|bCensus and Statistics Office. |
| 856 | 40|qPDF|s33.21 MB|uhttps://publications.gc.ca/collections/collection_2017/statcan/12-506/CS12-506-1911-eng.pdf |
| 986 | |a11-506 1911 |